<?xml version="1.0" encoding="UTF-8"?>
<record
    xmlns:xsi="http://www.w3.org/2001/XMLSchema-instance"
    xsi:schemaLocation="http://www.loc.gov/MARC21/slim http://www.loc.gov/standards/marcxml/schema/MARC21slim.xsd"
    xmlns="http://www.loc.gov/MARC21/slim">

  <leader>00410man a2200121 a 4500</leader>
  <controlfield tag="005">20250129134157.0</controlfield>
  <controlfield tag="008">06</controlfield>
  <datafield tag="100" ind1=" " ind2=" ">
    <subfield code="a">DR.Dachung,Fred.</subfield>
    <subfield code="c">Vom Christian Hospital Centenary 100years</subfield>
    <subfield code="d">16-11-2024</subfield>
    <subfield code="l">English</subfield>
  </datafield>
  <datafield tag="245" ind1=" " ind2=" ">
    <subfield code="a">Vom Christian Hospital Centenary</subfield>
  </datafield>
  <datafield tag="260" ind1=" " ind2=" ">
    <subfield code="a">Plateau:</subfield>
    <subfield code="b">DR.Fredrick Dachung,</subfield>
    <subfield code="c">2024</subfield>
    <subfield code="e">Jos south Plateau State Nigeria</subfield>
    <subfield code="f">Vom Christain Hospital</subfield>
    <subfield code="g">2024</subfield>
  </datafield>
  <datafield tag="300" ind1=" " ind2=" ">
    <subfield code="a">100ps.</subfield>
    <subfield code="c">20cm</subfield>
  </datafield>
  <datafield tag="942" ind1=" " ind2=" ">
    <subfield code="2">ddc</subfield>
    <subfield code="k">3824</subfield>
  </datafield>
  <datafield tag="999" ind1=" " ind2=" ">
    <subfield code="c">19</subfield>
    <subfield code="d">19</subfield>
  </datafield>
</record>
